000 00667 a2200205 4500
003 UA-OsUOA
005 20230215154911.0
008 230209b un ||||| |||| 00| 0 ukr d
040 _aUA-OsUOA
_bukr
_cUA-OsUOA
_dUA-OsUOA
041 _aukr
080 _a09:94:082
090 _a09:94:082
_bЗ-32
245 _aЗаписки Наукового Товариства імені Шевченка
300 _a58 с.
505 _gТ. 51
650 _2UDC
_a94 Історія загалом
942 _cRB
_2udc
955 _a1
999 _c573743
_d573743